Pancreatology (Запис № 445584)

МАРК-запис
000 -LEADER
fixed length control field 03895nam a22005415i 4500
001 - CONTROL NUMBER
control field 978-3-319-53091-8
003 - CONTROL NUMBER IDENTIFIER
control field DE-He213
005 - DATE AND TIME OF LATEST TRANSACTION
control field 20210118122316.0
007 - PHYSICAL DESCRIPTION FIXED FIELD--GENERAL INFORMATION
fixed length control field cr nn 008mamaa
008 - FIXED-LENGTH DATA ELEMENTS--GENERAL INFORMATION
fixed length control field 170505s2017 gw | s |||| 0|eng d
020 ## - INTERNATIONAL STANDARD BOOK NUMBER
International Standard Book Number 9783319530918
-- 978-3-319-53091-8
024 7# - OTHER STANDARD IDENTIFIER
Standard number or code 10.1007/978-3-319-53091-8
Source of number or code doi
050 #4 - LIBRARY OF CONGRESS CALL NUMBER
Classification number RC799-869
072 #7 - SUBJECT CATEGORY CODE
Subject category code MJH
Source bicssc
072 #7 - SUBJECT CATEGORY CODE
Subject category code MED031000
Source bisacsh
072 #7 - SUBJECT CATEGORY CODE
Subject category code MJH
Source thema
082 04 - DEWEY DECIMAL CLASSIFICATION NUMBER
Classification number 616.33
Edition number 23
245 10 - TITLE STATEMENT
Title Pancreatology
Medium [electronic resource] :
Remainder of title A Clinical Casebook /
Statement of responsibility, etc edited by Timothy B. Gardner, Kerrington D. Smith.
250 ## - EDITION STATEMENT
Edition statement 1st ed. 2017.
264 #1 -
-- Cham :
-- Springer International Publishing :
-- Imprint: Springer,
-- 2017.
300 ## - PHYSICAL DESCRIPTION
Extent X, 193 p. 21 illus., 6 illus. in color.
Other physical details online resource.
336 ## -
-- text
-- txt
-- rdacontent
337 ## -
-- computer
-- c
-- rdamedia
338 ## -
-- online resource
-- cr
-- rdacarrier
347 ## -
-- text file
-- PDF
-- rda
505 0# - FORMATTED CONTENTS NOTE
Formatted contents note Risk Factors for Acute and Chronic Pancreatitis -- Hereditary Pancreatitis -- Hospital Management of Acute Pancreatitis -- Acute Biliary Pancreatitis -- Classification and Management of Pancreatic Cysts -- Medical and Endoscopic Management of Chronic Pancreatitis -- Complications of Acute Pancreatitis -- Endoscopic Therapy for Complications of Acute Pancreatitis -- Autoimmune Pancreatitis -- Diagnosis of and Screening for Pancreatic Malignancy -- Hereditary Pancreatic Cancer -- Optimizing Nutrition for the Patient after Pancreaticoduodenectomy: Pancreatic Insufficiency -- Palliative Care and Pancreatic Disease -- Staging Diagnostic Laparoscopy for Localized Pancreatic Cancer -- Neoadjuvant Multimodality Therapy for Borderline Resectable Pancreatic Head Cancer -- Drainage and Resection Surgery for Pancreatitis -- Pancreatectomy with Islet Autotransplant. .
520 ## - SUMMARY, ETC.
Summary, etc This clinical casebook provides a comprehensive yet concise state-of-the-art review of pancreatic disease. Presented in a case-based format, each case focuses on a different varient of pancreatic disease and pancreatic cancer, with sections on diagnosis and early detection, management of the disease, and treatment of complications from the disease. The role of neoadjuvant therapy for pancreatic cancer and emerging treatment algorithms for chronic pancreatitis are also highlighted in the text. Written by experts in the field, Pancreatology: A Clinical Casebook is a valuable resource for clinicians, surgeons, and researchers interested in caring for patients with pancreatic disease. .
506 ## - RESTRICTIONS ON ACCESS NOTE
Terms governing access Available to subscribing member institutions only. Доступно лише організаціям членам підписки.
506 ## - RESTRICTIONS ON ACCESS NOTE
Standardized terminology for access restriction Online access from local network of NaUOA.
506 ## - RESTRICTIONS ON ACCESS NOTE
Standardized terminology for access restriction Online access with authorization at https://link.springer.com/
506 ## - RESTRICTIONS ON ACCESS NOTE
Standardized terminology for access restriction Онлайн-доступ з локальної мережі НаУОА.
506 ## - RESTRICTIONS ON ACCESS NOTE
Standardized terminology for access restriction Онлайн доступ з авторизацією на https://link.springer.com/
650 #0 - SUBJECT ADDED ENTRY--TOPICAL TERM
Topical term or geographic name as entry element Gastroenterology .
650 #0 - SUBJECT ADDED ENTRY--TOPICAL TERM
Topical term or geographic name as entry element Hepatology.
650 14 - SUBJECT ADDED ENTRY--TOPICAL TERM
Topical term or geographic name as entry element Gastroenterology.
-- http://scigraph.springernature.com/things/product-market-codes/H33061
650 24 - SUBJECT ADDED ENTRY--TOPICAL TERM
Topical term or geographic name as entry element Hepatology.
-- http://scigraph.springernature.com/things/product-market-codes/H33088
700 1# - ADDED ENTRY--PERSONAL NAME
Personal name Gardner, Timothy B.
Relator term editor.
Relator code edt
-- http://id.loc.gov/vocabulary/relators/edt
700 1# - ADDED ENTRY--PERSONAL NAME
Personal name Smith, Kerrington D.
Relator term editor.
Relator code edt
-- http://id.loc.gov/vocabulary/relators/edt
710 2# - ADDED ENTRY--CORPORATE NAME
Corporate name or jurisdiction name as entry element SpringerLink (Online service)
773 0# - HOST ITEM ENTRY
Title Springer eBooks
776 08 - ADDITIONAL PHYSICAL FORM ENTRY
Display text Printed edition:
International Standard Book Number 9783319530901
776 08 - ADDITIONAL PHYSICAL FORM ENTRY
Display text Printed edition:
International Standard Book Number 9783319530925
856 40 - ELECTRONIC LOCATION AND ACCESS
Uniform Resource Identifier <a href="https://doi.org/10.1007/978-3-319-53091-8">https://doi.org/10.1007/978-3-319-53091-8</a>
912 ## -
-- ZDB-2-SME
942 ## - ADDED ENTRY ELEMENTS (KOHA)
Koha item type ЕКнига

Немає доступних примірників.